Grandeza y decadencia de Roma / (Registro nro. 63530)

Detalles MARC
000 -LEADER
campo de control de longitud fija 01068nam a2200277 i 4500
001 - NÚMERO DE CONTROL
campo de control 63530
003 - IDENTIFICADOR DE NÚMERO DE CONTROL
campo de control ES-MaACL
005 - FECHA Y HORA DE LA ÚLTIMA TRANSACCIÓN
campo de control 20250925162511.0
007 - CAMPO FIJO DE DESCRIPCIÓN FÍSICA--INFORMACIÓN GENERAL
campo de control de longitud fija t|
008 - DATOS DE LONGITUD FIJA--INFORMACIÓN GENERAL
campo de control de longitud fija 031211s1946 ag ||||1| spa d
100 1# - ENTRADA PRINCIPAL--NOMBRE DE PERSONA
Nombre de persona Ferrero, Guglielmo.
9 (RLIN) 50546
245 10 - MENCIÓN DEL TÍTULO
Título Grandeza y decadencia de Roma /
Mención de responsabilidad, etc. Guglielmo Ferrero ; [traducción de M. Ciges Aparicio ; revisada por M.H. Alberti.
260 ## - PUBLICACIÓN, DISTRIBUCIÓN, ETC.
Lugar de publicación, distribución, etc. Buenos Aires :
Nombre del editor, distribuidor, etc. Siglo Veinte,
Fecha de publicación, distribución, etc. [1946] (
Fabricante Macland)
300 ## - DESCRIPCIÓN FÍSICA
Extensión 6 v. ;
Dimensiones 21 cm.
505 8# - NOTA DE CONTENIDO CON FORMATO
Nota de contenido con formato Contiene: V. I: La conquista. -- V. II: Julio César. -- V. III: Fin de una aristocracia. -- V. IV: Antonio y Cleopatra. -- V. V: La República de Augusto. -- V. VI: Augusto y el Gran Imperio
700 1# - ENTRADA AGREGADA--NOMBRE PERSONAL
Nombre de persona Ciges Aparicio, M.,
Fechas asociadas al nombre 1873-1936
9 (RLIN) 38817
700 1# - ENTRADA AGREGADA--NOMBRE PERSONAL
Nombre de persona Alberti, M. H.
9 (RLIN) 19341
740 3# - ENTRADA AGREGADA--TÍTULO RELACIONADO/ANALÍTICO NO CONTROLADO
Título relacionado o analítico no controlado La conquista.
740 0# - ENTRADA AGREGADA--TÍTULO RELACIONADO/ANALÍTICO NO CONTROLADO
Título relacionado o analítico no controlado Julio César.
740 0# - ENTRADA AGREGADA--TÍTULO RELACIONADO/ANALÍTICO NO CONTROLADO
Título relacionado o analítico no controlado Fin de una aristocracia.
740 0# - ENTRADA AGREGADA--TÍTULO RELACIONADO/ANALÍTICO NO CONTROLADO
Título relacionado o analítico no controlado Antonio y Cleopatra.
740 3# - ENTRADA AGREGADA--TÍTULO RELACIONADO/ANALÍTICO NO CONTROLADO
Título relacionado o analítico no controlado La República de Augusto.
740 0# - ENTRADA AGREGADA--TÍTULO RELACIONADO/ANALÍTICO NO CONTROLADO
Título relacionado o analítico no controlado Augusto y el Gran Imperio.
852 ## - LOCALIZACIÓN
Ubicación ES-MaACL
Número de control de estantería D-6975-80
Sublocalización o colección R.29350
Existencias
Estatus retirado Estado de pérdida Estado de daño No para préstamo Biblioteca de origen Biblioteca actual Ubicación en estantería Fecha de adquisición Fuente de adquisición Total de préstamos Signatura topográfica completa Código de barras Visto por última vez Precio de reemplazo Tipo de ítem Koha
        Biblioteca del Ateneo de Madrid Biblioteca del Ateneo de Madrid Sala Valle Inclán 17/01/2008     D-6975-80 901066589 23/02/2023 23/02/2023 Libro impreso